Science Quiz

Random Science Quiz

APES Maya Stephanoff Ch. 3 Quiz Stats

 Plays Quiz not verified by Sporcle

Score 0/30 Timer 20:00
0 Plays Today
Hint Answer % Correct
thin spherical envelope of gases surrounding the earth's surfaceatmosphere
100%
layer under trophospherestratosphere
75%
consists of all the water on or near the earth's surfacehydrosphere
75%
parts of the atmosphere, hydrosphere, and geosphere where life is foundbiosphere
75%
the science that focuses on how organisms interact with one another and with their nonliving environment of matter and energyecology
75%
the fundamental structural and functional unit of lifecell
75%
absorb and release energy that warms the lower atmospheregreenhouse gases
50%
a community of different species interacting with one another and with their nonliving environment of matter and energyEcosystem
50%
populations of different species living in a particular place, and potentially interacting with each othercommunity
50%
a group of individuals of the same species living in a particular piecepopulation
50%
an individual living beingorganism
50%
chemical combination of two or more atoms of the same or different elementsmolecule
50%
smallest unit of a chemical element that exhibits it's chemical propertiesatom
50%
feeding leveltrophic level
50%
producersautotrophs
50%
Hint Answer % Correct
consumersheterotrophs
50%
feed on the waste of other organisms detritivores
50%
oxygen to glucoseaerobic respiration
50%
a sequence of organisms each of which serves as a source of food or energy for the nextfood chain
50%
the dry weight of all organic matter contained in its organismsbiomass
50%
illustrates the flow of energy in a food chainpyramid of energy flow
50%
the rate at which an ecosystem's producers convert solar energy into chemical energyGross primary productivity
50%
the rate at which producers use photosynthesis to produce and store chemicals minus the rate at which they use some of this stored energy net primary productivity
50%
inner layer of atmosphere trophosphere
25%
warming and cooling of the atmospherenatural greenhouse effect
25%
primary consumersherbivores
25%
secondary consumerscarnivores
25%
tertiary consumersomnivores
25%
breaking down glucose anaerobic respiration
25%
25%

You're not logged in!

Compare scores with friends on all Sporcle quizzes.
OR
Log In

Show Comments

Extras

Created Aug 31, 2015ReportNominate
Tags:ape, ch3, maya

Top Quizzes Today


Score Distribution

Your Account Isn't Verified!

In order to create a playlist on Sporcle, you need to verify the email address you used during registration. Go to your Sporcle Settings to finish the process.

Report this User

Report this user for behavior that violates our Community Guidelines.

Details: